[Event "MGL-ch (Women)"]
[Site "Ulaanbaatar"]
[Date "2010.04.06"]
[Round "7"]
[White "Enkhtuul, Altanulzii"]
[Black "Ankhchimeg, A."]
[Result "1-0"]
[WhiteElo "2117"]
[BlackElo "2163"]
[PlyCount "69"]
[EventDate "2010.04.03"]
[EventType "tourn"]
[EventRounds "13"]
[EventCountry "MGL"]
[SourceTitle "EXT 2011"]
[Source "ChessBase"]
[SourceDate "2010.11.26"]
[SourceVersion "1"]
[SourceVersionDate "2010.11.26"]
[SourceQuality "1"]

1. Nf3 c5 2. g3 Nc6 3. Bg2 g6 4. 0-0 Bg7 5. c3 Nf6 6. d4 cxd4 7. Nxd4 e5 8. Nb5 d5 9. e4 dxe4 10. Qxd8+ Kxd8 11. Rd1+ Ke7 12. b3 Kf8 13. Ba3+ Kg8 14. Nd2 Bg4 15. Re1 Bh6 16. Nxe4 Nxe4 17. Rxe4 Bf5 18. Ra4 Bd7 19. Rd1 Be8 20. Nc7 Rc8 21. Nxe8 Rxe8 22. Bxc6 bxc6 23. Rxa7 Bf8 24. Bxf8 Rxf8 25. Rdd7 h5 26. h4 Rh6 27. Rd6 Rc8 28. Rf6 Rh7 29. a4 c5 30. a5 Rb8 31. a6 Rxb3 32. Rb7 Rxc3 33. a7 Ra3 34. Rc6 Kg7 35. Rc8 1-0